| 000 | 01025cam a22003137a 4500 | ||
|---|---|---|---|
| 003 | CHAP | ||
| 005 | 20220329134505.0 | ||
| 008 | 971013s1981 r 00010 d | ||
| 010 | _a21108 | ||
| 011 | _a22080 | ||
| 035 | _a26172 | ||
| 040 | _cCHAP | ||
| 082 |
_a631.34 _bB6 |
||
| 100 | 0 | 0 |
_aBoodley, James W. _913762 |
| 245 | 1 | 4 | _aThe commercial greenhouse hadbook |
| 260 |
_aNew York : _bVan Nostran Reinball, _c1981 |
||
| 300 |
_a568 p. _b: ilus. |
||
| 590 |
_aBATCH-UPD _b10 _c20130110 _lUCH01 _h1632 |
||
| 590 |
_aBATCH-UPD _b10 _c20130410 _lUCH01 _h1024 |
||
| 590 |
_aBATCH-UPD _b10 _c20130914 _lUCH01 _h0801 |
||
| 590 |
_aCONVERSION _b10 _c20130109 _lUCH01 _h1313 |
||
| 650 | 1 | 4 |
_aInvernaderos. _960172 |
| 650 | 1 | 4 |
_aInvernaderos _xAdministración. _960173 |
| 901 | _aBK | ||
| 942 | _cLIBRO | ||
| 949 |
_a631.34 B6 _bBC _cLIBRO _d-60408 _eLIBRO _fc.2 _h58800 _i26172 _si |
||
| 949 |
_a631.34 B6 _bBC _cLIBRO _d33724000826004 _eLIBRO _h58799 _i26172 _si |
||
| 949 |
_a631.34 B6 _bBC _cLIBRO _d33724000868972 _eLIBRO _fc.3 _h62706 _i26172 _si |
||
| 999 |
_c21108 _d21108 |
||